Statistics for Mashed Answers: Rock Stars

Click here to take the quiz!

General Stats

  • This quiz has been taken 24 times
  • The average score is 5 of 16

Answer Stats

Answer% Correct
Prince Charles
81%
Bob Marley and Me
48%
Iggy Popcorn
48%
David Bowield
38%
Ozzy Osbournemouth
38%
Bryan Adamsterdam
33%
Eric Claptonsils
33%
Bonomatopoeia
29%
Lemmyanmar
29%
Fleap
24%
Sammy Hagar the Horrible
24%
Annie Lennoxen
19%
Tina Turneric Clapton
19%
Bob Dyland of Hope and Glory
10%
Jim Morrisons of Anarchy
10%
Elvis Presley line
0%

Score Distribution

Percentile by Number Answered

Percent of People with Each Score

Your Score History

You have not taken this quiz